Division I College Football National Championship MVPs - Statistics

General Stats
  • This quiz has been taken 85 times
    10 since last reset
  • The average score is 13 of 50
Answer Stats
Season School Answer Position % Correct
2019 LSU Joe Burrow QB
90%
2020 Alabama DeVonta Smith WR
80%
2018 Clemson Trevor Lawrence QB
80%
2001 Miami (FL) Andre Johnson WR
70%
2014 Ohio State Ezekiel Elliot RB
70%
2023 Michigan Will Johnson CB
70%
2013 Florida State Jameis Winston QB
60%
2021 Georgia Stetson Bennett IV QB
60%
2022 Georgia Stetson Bennett IV QB
60%
2017 Alabama Tua Tagovailoa QB
60%
2023 Michigan Blake Corum RB
50%
2016 Clemson Deshaun Watson QB
50%
2008 Florida Tim Tebow QB
50%
2005 Texas Vince Young QB
50%
2015 Alabama Eddie Jackson S
40%
2004 USC Matt Leinart QB
40%
2009 Alabama Mark Ingram RB
30%
2015 Alabama O.J. Howard TE
30%
2019 LSU Patrick Queen LB
30%
2013 Florida State P.J. Williams DB
30%
2024 Ohio State Will Howard QB
30%
2011 Alabama AJ McCarron QB
20%
2006 Florida Chris Leak QB
20%
2012 Alabama Eddie Lacy RB
20%
1999 Florida State Peter Warrick WR
20%
2016 Clemson Ben Boulware LB
10%
2002 Ohio State Craig Krenzel QB
10%
2003 LSU Justin Vincent RB
10%
2001 Miami (FL) Ken Dorsey QB
10%
2007 LSU Matt Flynn QB
10%
2010 Auburn Michael Dyer RB
10%
1998 Tennessee Peerless Price WR
10%
2008 Florida Carlos Dunlap DE
0%
2020 Alabama Christian Barmore DT
0%
2012 Alabama C.J. Mosley LB
0%
2024 Ohio State Cody Simon LB
0%
2011 Alabama Courtney Upshaw DE
0%
2017 Alabama Daron Payne DT
0%
2006 Florida Derrick Harvey DE
0%
1998 Tennessee Dwayne Goodrich CB
0%
2022 Georgia Javon Bullard S
0%
2021 Georgia Lewis Cine S
0%
2009 Alabama Marcell Dareus DT
0%
2005 Texas Michael Huff S
0%
2002 Ohio State Mike Doss S
0%
2010 Auburn Nick Fairley DT
0%
2007 LSU Ricky Jean-Francois DT
0%
2000 Oklahoma Torrance Marshall LB
0%
2018 Clemson Trayvon Mullen CB
0%
2014 Ohio State Tyvis Powell S
0%
No matching quizzes found
Score Distribution
Percent of People with Each Score
Percentile by Number Answered
Your Score History
You have not taken this quiz since the last reset